[Event "Chigorin Mem Rapid"]
[Site "St Petersburg RUS"]
[Date "2012.10.25"]
[Round "4.5"]
[White "Zvjaginsev, Vadim"]
[Black "Alavkin, Arseny"]
[Result "1/2-1/2"]
[WhiteTitle "GM"]
[BlackTitle "GM"]
[WhiteElo "2678"]
[BlackElo "2401"]
[WhiteFideId "4113403"]
[BlackFideId "4120612"]
[EventDate "2012.10.25"]

1. c4 e5 2. g3 Nf6 3. Bg2 c6 4. d4 exd4 5. Qxd4 d5 6. Nf3 Be7 7. cxd5 Qxd5 8.
Nc3 Qxd4 9. Nxd4 O-O 10. O-O Rd8 11. Rd1 Bg4 12. h3 Bh5 13. g4 Bg6 14. f4 Bc5
15. Be3 Re8 16. Bf2 Be4 17. g5 Bxg2 18. Kxg2 Ne4 19. Nxe4 Rxe4 20. Nb3 Be7 21.
Kf3 Rc4 22. Na5 Rc2 23. Nxb7 Rxb2 24. Nd6 Na6 25. Rac1 Nb4 26. Nf5 Bf8 27. Rd7
Re8 28. e3 Rxa2 29. Be1 Nc2 30. Bf2 Nb4 31. Rc4 a5 32. Be1 Ra1 33. Bd2 Rd1 34.
h4 Nd5 35. Bc1 Nxe3 36. Rxd1 Nxd1 37. Rxc6 Bb4 38. h5 a4 39. Ra6 Nc3 40. Bd2 Rc8
41. Bxc3 Rxc3+ 42. Kg4 Rc8 43. Rxa4 Bf8 44. Ra7 g6 45. Ng3 h6 46. Ne4 gxh5+ 47.
Kxh5 hxg5 48. Nxg5 Bd6 49. f5 Rc7 50. Ra6 Bf8 51. f6 Rc1 52. Kg4 Rc4+ 53. Kf3
Rc5 54. Kf4 Rc4+ 55. Ne4 Rc1 56. Ra2 Bh6+ 57. Ke5 Kh7 58. Rg2 Re1 59. Rg4 Bf8
60. Rg2 Bh6 61. Rg3 Bf8 62. Rg4 Bh6 63. Kd6 Ra1 64. Ke7 Ra7+ 65. Ke8 Bc1 66. Nd6
Ba3 67. Rg7+ Kh6 68. Nxf7+ Kh5 69. Nd8 Ra4 70. Ne6 Ra8+ 71. Kd7 Ra6 72. Rg3 Rd6+
73. Kc7 Rxe6 1/2-1/2

[Event "Chigorin Mem Rapid"]
[Site "St Petersburg RUS"]
[Date "2012.10.25"]
[Round "4.7"]
[White "Fedoseev, Vladimir3"]
[Black "Lysyj, Igor"]
[Result "1-0"]
[WhiteTitle "GM"]
[BlackTitle "GM"]
[WhiteElo "2498"]
[BlackElo "2628"]
[WhiteFideId "24130737"]
[BlackFideId "4150120"]
[EventDate "2012.10.25"]

1. d4 Nf6 2. c4 e6 3. Nc3 Bb4 4. e3 O-O 5. Bd3 d5 6. Nf3 c5 7. O-O cxd4 8. exd4
dxc4 9. Bxc4 a6 10. a4 Nc6 11. Bg5 h6 12. Bh4 Be7 13. Qd3 Bd7 14. Rad1 Nb4 15.
Qe2 Be8 16. Rfe1 Rc8 17. d5 exd5 18. Qxe7 Qxe7 19. Rxe7 dxc4 20. Bxf6 gxf6 21.
Rxb7 Nd3 22. Nd4 Rd8 23. Nf5 Bd7 24. Ne3 Be6 25. a5 Rb8 26. Rb6 Rxb6 27. axb6
Rb8 28. b3 Rxb6 29. bxc4 Ne5 30. Ncd5 Bxd5 31. cxd5 Kf8 32. d6 Ke8 33. f4 Ng6
34. Ng4 Nxf4 35. d7+ Kd8 36. Nxh6 Ne6 37. Nxf7+ Ke7 38. d8=Q+ Nxd8 39. Nxd8 a5
40. Rd4 a4 41. Rxa4 Kxd8 42. Re4 Kd7 43. Kf2 Rb2+ 44. Re2 Rb4 45. Kf3 Kd6 46. g4
Ra4 47. Kg3 Ra3+ 48. Kf4 Rh3 49. Kf5 Rf3+ 50. Kg6 Rf4 51. h3 Kd5 52. Kf7 Rf3 53.
h4 f5 54. g5 Rh3 55. g6 Rxh4 56. Kf6 f4 57. g7 Rg4 58. Re5+ Kd4 59. Rg5 Rxg5 60.
Kxg5 f3 61. g8=Q f2 62. Qf7 Ke3 63. Qc4 1-0

[Event "Chigorin Mem Rapid"]
[Site "St Petersburg RUS"]
[Date "2012.10.25"]
[Round "4.8"]
[White "Timofeev, Artyom"]
[Black "Neverov, Valeriy"]
[Result "1-0"]
[WhiteTitle "GM"]
[BlackTitle "GM"]
[WhiteElo "2631"]
[BlackElo "2494"]
[WhiteFideId "4140419"]
[BlackFideId "14100150"]
[EventDate "2012.10.25"]

1. c4 e6 2. d4 d5 3. Nc3 Be7 4. cxd5 exd5 5. Bf4 Nf6 6. e3 c6 7. Bd3 Bd6 8. Bxd6
Qxd6 9. Nge2 Bg4 10. f3 Bh5 11. O-O Bg6 12. e4 dxe4 13. fxe4 Qe7 14. Nf4 O-O 15.
e5 Ne8 16. Nxg6 hxg6 17. Bc4 Nc7 18. Qg4 Nd7 19. Qxg6 Nxe5 20. Qe4 b5 21. Bb3 b4
22. Na4 Ng6 23. Qxg6 Qe3+ 24. Rf2 Qxb3 25. Qxc6 1-0

[Event "Chigorin Mem Rapid"]
[Site "St Petersburg RUS"]
[Date "2012.10.25"]
[Round "4.9"]
[White "Alsina Leal, Daniel"]
[Black "Romanov, Evgeny"]
[Result "1/2-1/2"]
[WhiteTitle "GM"]
[BlackTitle "GM"]
[WhiteElo "2528"]
[BlackElo "2611"]
[WhiteFideId "2252627"]
[BlackFideId "4148843"]
[EventDate "2012.10.25"]

1. e4 e5 2. Nf3 Nc6 3. Bb5 g6 4. d4 exd4 5. c3 d3 6. O-O Bg7 7. Qxd3 Nge7 8. Re1
d6 9. Nbd2 O-O 10. Nf1 Ne5 11. Nxe5 dxe5 12. Bg5 Qxd3 13. Bxd3 Re8 14. Bc4 Nc6
15. Ne3 Na5 16. Bb5 c6 17. Be2 b6 18. Ng4 Bxg4 19. Bxg4 f6 20. Be3 Rad8 21. Rad1
Kf8 22. Be2 Nb7 23. f3 h5 24. Kf2 Rxd1 25. Rxd1 Rd8 26. Rxd8+ Nxd8 27. b4 Nf7
28. Ke1 Bh6 29. Bf2 Ke7 30. a4 Kd6 31. Kd1 Nd8 32. Kc2 Ne6 33. a5 c5 34. Bc4 Nf4
35. Be3 Bf8 36. g3 Ne6 37. Kb3 Ng5 38. Be2 Kc6 39. Ka4 cxb4 40. cxb4 Kb7 41. h4
Nf7 42. Bc4 Nd6 43. Bd5+ Kc7 44. Kb3 Be7 45. Bg8 g5 46. Bh7 gxh4 47. gxh4 f5 48.
Bf2 fxe4 49. fxe4 bxa5 50. bxa5 a6 51. Bg6 Kc6 52. Kc2 Kb5 53. Kd3 Kxa5 54. Bxh5
Kb4 55. Be1+ Kb5 56. Bd1 a5 57. Bb3 Nb7 58. Bd5 Nc5+ 59. Kc2 a4 60. h5 Bg5 61.
Bg3 Nd7 62. Bh2 Nf6 63. Bxe5 Nxh5 64. Be6 Nf6 65. Bf5 Kc4 66. Bc7 Kd4 67. Bb6+
Ke5 68. Bc7+ Kd4 69. Bb6+ Ke5 70. Kd3 Kd6 71. Bd4 Nd7 72. Kc4 a3 73. Kb3 Bf6 74.
Bxf6 Nxf6 1/2-1/2

[Event "Chigorin Mem Rapid"]
[Site "St Petersburg RUS"]
[Date "2012.10.25"]
[Round "4.11"]
[White "Eliseev, Urii"]
[Black "Hovhannisyan, Robert"]
[Result "0-1"]
[WhiteTitle "IM"]
[BlackTitle "GM"]
[WhiteElo "2486"]
[BlackElo "2610"]
[WhiteFideId "24131920"]
[BlackFideId "13302507"]
[EventDate "2012.10.25"]

1. e4 e5 2. Bc4 Nf6 3. d3 Nc6 4. Nf3 Bc5 5. c3 d6 6. O-O a6 7. Bb3 O-O 8. Nbd2
h6 9. Re1 Be6 10. h3 Re8 11. Nf1 d5 12. Qe2 a5 13. Ba4 Nd7 14. Ng3 Bd6 15. Be3
Rb8 16. Bb5 Ne7 17. d4 c6 18. Bd3 Qc7 19. Nh5 dxe4 20. Bxe4 f5 21. dxe5 Nxe5 22.
Bc2 Bf7 23. Nd4 Nc4 24. Bxh6 Ng6 25. Qd3 Rxe1+ 26. Rxe1 gxh6 27. Nxf5 Bf8 28.
Nh4 Rd8 29. Qf5 Nce5 30. f4 Qb6+ 31. Kh2 Qf2 32. fxe5 Qxh4 33. Rf1 Qe7 34. e6
Qxe6 35. Qxe6 Bxe6 36. Bxg6 Rd2 37. b3 Rxa2 38. c4 a4 39. Nf6+ Kh8 40. bxa4 Bxc4
41. Rf5 Bd3 42. Ne4 Bxe4 43. Rxf8+ Kg7 44. Re8 Bxg6 45. Re7+ Bf7 0-1

[Event "Chigorin Mem Rapid"]
[Site "St Petersburg RUS"]
[Date "2012.10.25"]
[Round "4.12"]
[White "Demchenko, Anton"]
[Black "Golovin, Leonid"]
[Result "1/2-1/2"]
[WhiteTitle "IM"]
[WhiteElo "2610"]
[BlackElo "2475"]
[WhiteFideId "4160258"]
[BlackFideId "4113381"]
[EventDate "2012.10.25"]

1. e4 c5 2. Nf3 d6 3. d4 cxd4 4. Nxd4 Nf6 5. Nc3 Nbd7 6. Be3 a6 7. f3 Qc7 8. Qd2
e6 9. O-O-O b5 10. Bxb5 axb5 11. Ndxb5 Qb8 12. Nxd6+ Bxd6 13. Qxd6 Qxd6 14. Rxd6
Ra6 15. Rhd1 Rxd6 16. Rxd6 Ke7 17. Rd2 Ba6 18. b3 Rc8 19. Kb2 Ne5 20. a4 Rb8 21.
Ka3 Rc8 22. Bd4 Nfd7 23. Nb5 g5 24. c4 Rxc4 25. Be3 Rc8 26. Bxg5+ f6 27. Bf4
Bxb5 28. axb5 Rb8 29. Kb4 Nc6+ 30. Kc4 Na5+ 31. Kb4 Nc6+ 32. Kc4 Na5+ 33. Kb4
Nc6+ 34. Kc4 Nce5+ 35. Bxe5 1/2-1/2

[Event "Chigorin Mem Rapid"]
[Site "St Petersburg RUS"]
[Date "2012.10.26"]
[Round "5.1"]
[White "Durarbayli, Vasif"]
[Black "Grigoryan, Avetik"]
[Result "1/2-1/2"]
[WhiteTitle "GM"]
[BlackTitle "GM"]
[WhiteElo "2584"]
[BlackElo "2572"]
[WhiteFideId "13402935"]
[BlackFideId "13302191"]
[EventDate "2012.10.25"]

1. c4 Nf6 2. Nc3 e6 3. e4 c5 4. g3 Nc6 5. Bg2 Be7 6. Nge2 h5 7. h3 d6 8. d3 Nd4
9. a3 e5 10. Nxd4 cxd4 11. Nd5 Nxd5 12. cxd5 h4 13. g4 g5 14. O-O Bd7 15. Bd2
Qb6 16. b4 f6 1/2-1/2

[Event "Chigorin Mem Rapid"]
[Site "St Petersburg RUS"]
[Date "2012.10.26"]
[Round "5.3"]
[White "Jumabayev, Rinat"]
[Black "Timofeev, Artyom"]
[Result "0-1"]
[WhiteTitle "GM"]
[BlackTitle "GM"]
[WhiteElo "2545"]
[BlackElo "2631"]
[WhiteFideId "13702661"]
[BlackFideId "4140419"]
[EventDate "2012.10.25"]

1. Nf3 d5 2. d4 e6 3. c4 c6 4. Nbd2 Nf6 5. g3 Bd6 6. Bg2 O-O 7. O-O Nbd7 8. Qc2
Qe7 9. Re1 e5 10. dxe5 Nxe5 11. cxd5 Nxd5 12. Nxe5 Bxe5 13. Nc4 Bf6 14. Bd2 Qc5
15. Rac1 Be6 16. Na5 Qb6 17. a3 Qxb2 18. e4 Nc7 19. Qxb2 Bxb2 20. Rb1 Bxa3 21.
Rxb7 Na6 22. Ra1 Rfd8 23. Bg5 f6 24. Be3 Nb4 25. Rxa7 Nc2 26. Nxc6 Nxa1 27. Nxd8
Rxd8 28. h4 Nc2 29. Bb6 Rd7 30. Ra8+ Kf7 31. h5 Be7 32. Rb8 Nd4 33. h6 gxh6 34.
Rh8 Kg7 35. Re8 Nc6 36. f4 Bf7 37. Rc8 Nd4 38. Kf2 Ne6 39. Bh3 Rb7 40. Be3 Rb2+
41. Kf3 Rb3 42. Kf2 h5 43. Rc6 Nf8 44. Bf5 Rb7 45. Bc8 Rb2+ 46. Kf3 Bb3 47. Bd4
Rc2 48. Bc3 Kf7 49. f5 Ba4 50. Rc4 Nd7 51. Ke3 Nc5 52. Kd4 Bb5 53. Rb4 Rxc3 54.
Kxc3 Na4+ 55. Kb3 Bxb4 56. Kxb4 Be8 57. Be6+ Ke7 58. Bg8 h6 59. Kc4 Nb6+ 60. Kd4
Nd7 61. Bc4 Ne5 62. Be2 Bf7 63. Bd1 Kd6 64. Be2 Nc6+ 65. Ke3 Ke5 0-1

[Event "Chigorin Mem Rapid"]
[Site "St Petersburg RUS"]
[Date "2012.10.26"]
[Round "5.6"]
[White "Savchenko, Boris"]
[Black "Fedoseev, Vladimir3"]
[Result "0-1"]
[WhiteTitle "GM"]
[BlackTitle "GM"]
[WhiteElo "2540"]
[BlackElo "2498"]
[WhiteFideId "4147332"]
[BlackFideId "24130737"]
[EventDate "2012.10.25"]

1. e4 e5 2. Nf3 Nc6 3. Bb5 a6 4. Ba4 Nf6 5. O-O Bc5 6. Nxe5 Nxe5 7. d4 Nxe4 8.
Re1 Be7 9. Rxe4 Ng6 10. c4 O-O 11. Nc3 d6 12. Re1 Be6 13. b3 d5 14. Qd3 c6 15.
c5 Qd7 16. b4 Bf5 17. Qd1 Rae8 18. Be3 Bd8 19. Qd2 Bc7 20. Bd1 Qd8 21. g3 Qd7
22. Bf3 Bg4 23. Bg2 Bh3 24. Bh1 Ne7 25. Bf4 Nf5 26. a4 Bd8 27. f3 Bf6 28. Be5
Bxe5 29. dxe5 a5 30. Ne4 axb4 31. Nf2 Nh6 32. g4 Bxg4 33. fxg4 Nxg4 34. Qxb4
Nxe5 35. Rab1 Re7 36. Qf4 Rfe8 37. Kf1 Qd8 38. Bg2 Qa5 39. Qb4 Qa6+ 40. Kg1 h6
41. Re3 Qa8 42. Kh1 Qd8 43. Rd1 Nc4 44. Rg3 Ne3 45. Rg1 f5 46. Qd4 g5 47. h4 g4
48. Bf3 Rg7 49. Bxg4 Qxh4+ 50. Rh3 Qxf2 51. Rh2 Qxg1+ 52. Kxg1 Rxg4+ 53. Rg2
Rxg2+ 54. Kh1 Rg6 55. Qf4 Ng4 56. Qc7 Rg7 57. Qf4 Re2 58. Qb8+ Kh7 59. Qc8 Nf2+
60. Kh2 Ne4+ 61. Kh1 Rf2 62. a5 Rf3 63. Kh2 Nf2 0-1

[Event "Chigorin Mem Rapid"]
[Site "St Petersburg RUS"]
[Date "2012.10.26"]
[Round "5.7"]
[White "Lintchevski, Daniil"]
[Black "Zvjaginsev, Vadim"]
[Result "1/2-1/2"]
[WhiteTitle "GM"]
[BlackTitle "GM"]
[WhiteElo "2562"]
[BlackElo "2678"]
[WhiteFideId "4171055"]
[BlackFideId "4113403"]
[EventDate "2012.10.25"]

1. Nf3 c5 2. c4 g6 3. d4 cxd4 4. Nxd4 Nf6 5. Nc3 d5 6. cxd5 Nxd5 7. Ndb5 Nxc3 8.
Qxd8+ Kxd8 9. Nxc3 Bg7 10. Bf4 Bxc3+ 11. bxc3 f6 12. O-O-O+ Ke8 13. e4 Be6 14.
Kb2 Kf7 15. Bb5 Rc8 16. Rd4 Nc6 17. Bxc6 Rxc6 18. e5 Rac8 19. Rc1 Rc4 20. exf6
Rxd4 21. cxd4 Rxc1 22. Bxc1 exf6 23. a3 Bd5 24. g3 g5 25. Kc3 Ke6 26. a4 a5 27.
Ba3 Bc6 28. Bc5 Bxa4 29. Bb6 Bc6 1/2-1/2

[Event "Chigorin Mem Rapid"]
[Site "St Petersburg RUS"]
[Date "2012.10.26"]
[Round "5.10"]
[White "Socko, Bartosz"]
[Black "Al-Sayed, Mohammed"]
[Result "1-0"]
[WhiteTitle "GM"]
[BlackTitle "GM"]
[WhiteElo "2619"]
[BlackElo "2511"]
[WhiteFideId "1107038"]
[BlackFideId "12100196"]
[EventDate "2012.10.25"]

1. d4 d5 2. c4 c6 3. e3 Nf6 4. Nf3 Bg4 5. Qb3 Qb6 6. c5 Qc7 7. Ne5 Bf5 8. Nc3
Nbd7 9. f4 Nxe5 10. fxe5 Ne4 11. Be2 b6 12. cxb6 Qxb6 13. O-O e6 14. Nxe4 Bxe4
15. Bd2 Be7 16. Rfc1 c5 17. dxc5 Qc7 18. Qa4+ Kf8 19. Bc3 f6 20. Rf1 Qxc5 21.
Bd4 Qc2 22. Qa6 Qc8 23. exf6 gxf6 24. Bxf6 Bxf6 25. Rxf6+ Ke7 26. Raf1 Qxa6 27.
Bxa6 Bf5 28. Rh6 Rab8 29. b3 Rb6 30. Be2 Rc6 31. Rxf5 1-0

[Event "Chigorin Mem Rapid"]
[Site "St Petersburg RUS"]
[Date "2012.10.26"]
[Round "5.11"]
[White "Romanov, Evgeny"]
[Black "Ajrapetjan, Yuriy"]
[Result "0-1"]
[WhiteTitle "GM"]
[BlackTitle "GM"]
[WhiteElo "2611"]
[BlackElo "2502"]
[WhiteFideId "4148843"]
[BlackFideId "14109069"]
[EventDate "2012.10.25"]

1. g3 Nf6 2. Bg2 g6 3. e4 d6 4. d4 Bg7 5. Nc3 O-O 6. Nge2 Nc6 7. O-O e5 8. dxe5
dxe5 9. Qxd8 Rxd8 10. Bg5 Bg4 11. h3 Bxe2 12. Nxe2 h6 13. Be3 Nd4 14. Nxd4 exd4
15. Bd2 a5 16. Rad1 a4 17. a3 Nd7 18. Bc1 Ne5 19. f4 Nc4 20. e5 c6 21. Rd3 Bf8
22. Rfd1 Bc5 23. Bf1 Bb6 24. Kg2 Rd5 25. Kf3 Rad8 26. c3 dxc3 27. Rxd5 Rxd5 28.
Rxd5 cxb2 29. Bxb2 cxd5 30. Bxc4 dxc4 31. Ke4 Bf2 32. g4 Be1 33. Kd4 b5 34. Bc1
Kf8 35. f5 g5 36. Be3 Ke7 37. Bc1 Kd7 38. Bb2 Kc6 39. Bc1 c3 40. Kd3 Kd5 41. e6
fxe6 42. f6 Kd6 43. Be3 e5 44. Bc5+ Ke6 45. Be7 e4+ 46. Kc2 Bg3 47. Kxc3 Be5+
48. Kb4 Bd6+ 49. Kxb5 e3 50. Bd8 e2 51. Ba5 Bg3 0-1

[Event "Chigorin Mem Rapid"]
[Site "St Petersburg RUS"]
[Date "2012.10.26"]
[Round "5.12"]
[White "Cori, Jorge"]
[Black "Lenderman, Aleksandr"]
[Result "0-1"]
[WhiteTitle "GM"]
[BlackTitle "GM"]
[WhiteElo "2522"]
[BlackElo "2614"]
[WhiteFideId "3802272"]
[BlackFideId "2021285"]
[EventDate "2012.10.25"]

1. d4 Nf6 2. Nf3 d5 3. c4 e6 4. g3 Bb4+ 5. Bd2 Be7 6. Qc2 O-O 7. Bg2 c6 8. O-O
b6 9. Rd1 Nbd7 10. b3 Ba6 11. a4 c5 12. a5 Qc8 13. cxd5 Nxd5 14. e4 N5f6 15. Nc3
cxd4 16. Nxd4 Ne5 17. Bf4 Nfd7 18. axb6 axb6 19. Nf3 Bf6 20. Rac1 Rd8 21. Be3
Nxf3+ 22. Bxf3 Ne5 23. Be2 Bxe2 24. Qxe2 Rxd1+ 25. Nxd1 Qd8 26. Nb2 Ra2 27. Rc2
h5 28. h3 h4 29. g4 Qa8 30. Bxb6 Nd7 31. Nc4 Ra1+ 32. Kg2 Qb7 33. Be3 Qxb3 34.
Rc1 Rxc1 35. Bxc1 Nc5 36. g5 Bd4 37. Be3 Bxe3 38. Nxe3 Nxe4 39. Qg4 Qb7 40. Qf3
Qc6 41. Ng4 Qd5 42. g6 fxg6 43. Ne3 Qg5+ 44. Qg4 Qxg4+ 45. Nxg4 g5 46. Kf3 Nf6
47. Ne5 Kh7 48. Kg2 Kh6 49. Kf3 Kh5 50. Nd3 Nd5 51. Ke4 g4 52. hxg4+ Kxg4 53.
Ne5+ Kh5 54. f4 h3 55. Kf3 Nxf4 0-1

[Event "Chigorin Mem Rapid"]
[Site "St Petersburg RUS"]
[Date "2012.10.26"]
[Round "6.2"]
[White "Timofeev, Artyom"]
[Black "Hovhannisyan, Robert"]
[Result "1/2-1/2"]
[WhiteTitle "GM"]
[BlackTitle "GM"]
[WhiteElo "2631"]
[BlackElo "2610"]
[WhiteFideId "4140419"]
[BlackFideId "13302507"]
[EventDate "2012.10.25"]

1. c4 e5 2. Nc3 Nc6 3. g3 Bb4 4. Nd5 Nf6 5. Bg2 O-O 6. e3 Nxd5 7. cxd5 Ne7 8. a3
Bd6 9. Ne2 c6 10. Nc3 b6 11. O-O Bb7 12. Qb3 cxd5 13. Nxd5 Bxd5 14. Bxd5 Nxd5
15. Qxd5 Qe7 16. b4 a5 17. Bb2 Rfe8 18. Bc3 a4 19. Qb5 Qe6 20. d4 Rec8 21. Rfc1
Qb3 22. dxe5 Rxc3 23. exd6 Rxc1+ 24. Rxc1 Qxa3 25. Rc7 Qb3 26. Qxd7 g6 27. Qc6
Rd8 28. d7 Kg7 29. Kg2 Qe6 30. b5 a3 31. Ra7 a2 32. Qxe6 fxe6 33. Rxa2 Rxd7 34.
Rc2 Rd5 35. Rc6 Rxb5 36. Rxe6 Rb2 37. g4 g5 38. Kg3 b5 39. f4 gxf4+ 40. exf4 b4
41. Rb6 b3 42. g5 Rb1 43. Kg4 h6 44. Rb7+ Kg8 45. g6 b2 46. Kh5 Rf1 47. Rxb2
Rxf4 48. Kxh6 Rh4+ 49. Kg5 Rh3 50. Kg4 Rh6 51. Kf5 Rh3 52. Kf6 Rf3+ 53. Kg5 Rh3
54. Kg4 Rh6 55. Kf5 Rh3 56. Kg4 Rh6 57. Kf5 Rh3 58. Ke4 1/2-1/2

[Event "Chigorin Mem Rapid"]
[Site "St Petersburg RUS"]
[Date "2012.10.26"]
[Round "6.3"]
[White "Khismatullin, Denis"]
[Black "Durarbayli, Vasif"]
[Result "1-0"]
[WhiteTitle "GM"]
[BlackTitle "GM"]
[WhiteElo "2638"]
[BlackElo "2584"]
[WhiteFideId "4142578"]
[BlackFideId "13402935"]
[EventDate "2012.10.25"]

1. d4 e6 2. c4 b6 3. a3 Nf6 4. Nc3 Ba6 5. e4 c5 6. d5 exd5 7. e5 Qe7 8. Qe2 d4
9. exf6 Qxe2+ 10. Ncxe2 Bxc4 11. Nf4 Bb3 12. Bd3 Nc6 13. fxg7 Bxg7 14. Nh5 Be5
15. Nf3 O-O-O 16. Ba6+ Kc7 17. Nxe5 Nxe5 18. Bf4 Rde8 19. O-O Kc6 20. Ng7 Nf3+
21. Kh1 Re4 22. Bg3 Nd2 23. Rfc1 b5 24. f3 Re3 25. Nf5 Kb6 26. Nxe3 dxe3 27. Bf4
Ba4 28. Bxb5 Bxb5 29. Rc3 d5 30. Rxe3 d4 31. Re7 Nb3 32. Rd1 Bc4 33. Kg1 Be6 34.
Kf2 c4 35. Be5 Rc8 36. Bxd4+ Kc6 37. Bxa7 Na5 38. h4 Nb7 39. g4 h5 40. gxh5 Rh8
41. Be3 Rxh5 42. Bg5 Rh8 43. Kg3 Nd6 44. Ra7 Nf5+ 45. Kf2 Rb8 46. Bf6 Rb3 47. h5
c3 48. Bxc3 1-0

[Event "Chigorin Mem Rapid"]
[Site "St Petersburg RUS"]
[Date "2012.10.26"]
[Round "6.4"]
[White "Fedoseev, Vladimir3"]
[Black "Iordachescu, Viorel"]
[Result "1-0"]
[WhiteTitle "GM"]
[BlackTitle "GM"]
[WhiteElo "2498"]
[BlackElo "2637"]
[WhiteFideId "24130737"]
[BlackFideId "13900200"]
[EventDate "2012.10.25"]

1. d4 g6 2. e4 Bg7 3. Nf3 d6 4. Be2 Nf6 5. Nc3 O-O 6. O-O c6 7. a4 Na6 8. a5 Nb4
9. h3 Qc7 10. Be3 Bd7 11. Qd2 Rfd8 12. Ra3 c5 13. Rfa1 Be8 14. d5 e6 15. Bg5
exd5 16. exd5 Qe7 17. Bc4 Qf8 18. Rb3 Rab8 19. Bxf6 Bxf6 20. Ne4 Be7 21. c3 Na6
22. Qf4 Nc7 23. Nf6+ Bxf6 24. Qxf6 Bd7 25. Qg5 Re8 26. Bf1 Qe7 27. Qd2 Qf6 28.
c4 Na6 29. Rc3 Re7 30. Ne1 Rbe8 31. Nc2 Bf5 32. Ne3 Nb4 33. Rd1 h5 34. Be2 Bd7
35. Ra3 Re4 36. Qc3 Qg5 37. Kf1 Qh4 38. Bf3 Rf4 39. Kg1 Rxf3 40. gxf3 Bxh3 41.
Qd2 Qg5+ 42. Kh2 Rxe3 43. fxe3 Bd7 44. e4 Qe5+ 45. Kg1 h4 46. Qh2 Qg5+ 47. Kh1
Qf6 48. Re3 Qg5 49. f4 Qh5 50. Rg1 Bg4 51. Qg2 f5 52. exf5 gxf5 53. Qd2 Kf8 54.
Qc3 Qh6 55. Re6 1-0

[Event "Chigorin Mem Rapid"]
[Site "St Petersburg RUS"]
[Date "2012.10.26"]
[Round "6.8"]
[White "Ajrapetjan, Yuriy"]
[Black "Andriasian, Zaven"]
[Result "0-1"]
[WhiteTitle "GM"]
[BlackTitle "GM"]
[WhiteElo "2502"]
[BlackElo "2604"]
[WhiteFideId "14109069"]
[BlackFideId "13302000"]
[EventDate "2012.10.25"]

1. d4 Nf6 2. c4 g6 3. Nc3 Bg7 4. e4 d6 5. Nge2 O-O 6. Ng3 c5 7. d5 e6 8. Be2
exd5 9. cxd5 Re8 10. O-O Nbd7 11. f4 h5 12. e5 dxe5 13. f5 h4 14. Nge4 gxf5 15.
Rxf5 Nxe4 16. Nxe4 Nf6 17. Nxf6+ Bxf6 18. Rh5 e4 19. Be3 Bxb2 20. Rb1 Bg7 21.
Bxc5 Qf6 22. Qa4 Bf5 23. d6 h3 24. Rf1 Qg6 25. g3 Bg4 26. Bxg4 Qxg4 27. Rhf5 Re5
28. Rxe5 Bxe5 29. Qb3 Qg6 30. Qxb7 Rf8 31. Qd5 Bxg3 32. Kh1 Bxh2 33. Qd2 Bg3 34.
Rg1 h2 35. Rg2 e3 36. Bxe3 Rb8 37. Qc1 Qe4 38. d7 Qxe3 39. Qc8+ Kg7 0-1

[Event "Chigorin Mem Rapid"]
[Site "St Petersburg RUS"]
[Date "2012.10.26"]
[Round "6.9"]
[White "Shimanov, Aleksandr"]
[Black "Golovin, Leonid"]
[Result "1-0"]
[WhiteTitle "GM"]
[WhiteElo "2599"]
[BlackElo "2475"]
[WhiteFideId "4198603"]
[BlackFideId "4113381"]
[EventDate "2012.10.25"]

1. d4 d5 2. Nf3 Nc6 3. Bf4 Bg4 4. e3 e6 5. c4 Bb4+ 6. Nc3 Nf6 7. h3 Bh5 8. a3
Bxc3+ 9. bxc3 O-O 10. Rc1 Re8 11. cxd5 Nxd5 12. Bg3 e5 13. Be2 exd4 14. cxd4 Qe7
15. Qb3 Nb6 16. O-O a5 17. Rc5 Bg6 18. Rfc1 a4 19. Qa2 Rec8 20. d5 Na5 21. Rxc7
Rxc7 22. Rxc7 Qd8 23. d6 Nb3 24. Qb2 Be4 25. Qe5 Bd5 26. Nd4 f6 27. Qh5 Nxd4 28.
exd4 Qe8 29. Qg4 Qg6 30. Qxg6 hxg6 31. Bd3 g5 32. Bf5 Kf8 33. d7 Rd8 34. Rc8 Ke7
35. Bc7 Rxc8 36. dxc8=Q Nxc8 37. Bxc8 1-0

[Event "Chigorin Mem Rapid"]
[Site "St Petersburg RUS"]
[Date "2012.10.26"]
[Round "6.10"]
[White "Tsydypov, Zhamsaran"]
[Black "Halkias, Stelios"]
[Result "0-1"]
[WhiteTitle "FM"]
[BlackTitle "GM"]
[WhiteElo "2338"]
[BlackElo "2581"]
[WhiteFideId "4108566"]
[BlackFideId "4201809"]
[EventDate "2012.10.25"]

1. e4 e5 2. Nf3 Nc6 3. Bc4 Nf6 4. d3 Be7 5. O-O O-O 6. Bb3 d6 7. c3 Na5 8. Bc2
c5 9. h3 Nc6 10. Re1 Rb8 11. Nbd2 b5 12. Nf1 h6 13. Ne3 Be6 14. Bb3 Re8 15. Bd5
Qd7 16. a4 b4 17. a5 Bf8 18. Qa4 Rec8 19. Bd2 Qc7 20. Qa2 bxc3 21. bxc3 Bxd5 22.
Nxd5 Nxd5 23. exd5 Ne7 24. d4 exd4 25. cxd4 c4 26. Qc2 c3 27. Bc1 Nxd5 28. Qf5
Qc6 29. Qg4 Nf6 30. Qh4 Rb5 31. Qg3 Kh8 32. Nh2 c2 33. Nf1 Rb1 34. Ba3 Rcb8 35.
Nd2 Rxa1 36. Rxa1 Ne4 37. Qf3 d5 38. Qf4 Rc8 39. Bc1 Qc3 40. Ra3 Bxa3 0-1

[Event "Chigorin Mem Rapid"]
[Site "St Petersburg RUS"]
[Date "2012.10.26"]
[Round "6.11"]
[White "Vorobiov, Evgeny E."]
[Black "Bodnaruk, Anastasia"]
[Result "1-0"]
[WhiteTitle "GM"]
[BlackTitle "IM"]
[WhiteElo "2598"]
[BlackElo "2425"]
[WhiteFideId "4121341"]
[BlackFideId "4181751"]
[EventDate "2012.10.25"]

1. d4 Nf6 2. c4 g6 3. Nc3 Bg7 4. e4 d6 5. f4 O-O 6. Nf3 c5 7. d5 e6 8. Be2 exd5
9. cxd5 Bg4 10. O-O Nbd7 11. a4 Re8 12. h3 Bxf3 13. Bxf3 c4 14. Be3 Qa5 15. Bd4
Nc5 16. e5 Nfd7 17. e6 fxe6 18. dxe6 Nxe6 19. Bxg7 Kxg7 20. Kh1 Nf6 21. Bxb7
Rab8 22. Bc6 Red8 23. Nd5 Qc5 24. f5 Nxd5 25. fxe6 Nf6 26. e7 Rdc8 27. Qf3 Qf5
28. Qe3 Qe5 29. Qxa7 Kh6 30. Rae1 Qxb2 31. Qe3+ Kg7 32. Rxf6 Qxf6 33. e8=Q Rxe8
34. Bxe8 Rb2 35. Bc6 c3 36. Rc1 c2 37. Qd2 Ra2 38. Rxc2 Qf1+ 39. Kh2 Rxc2 40.
Qxc2 Qf4+ 41. g3 1-0

[Event "Chigorin Mem Rapid"]
[Site "St Petersburg RUS"]
[Date "2012.10.26"]
[Round "6.12"]
[White "Zvjaginsev, Vadim"]
[Black "Neverov, Valeriy"]
[Result "1-0"]
[WhiteTitle "GM"]
[BlackTitle "GM"]
[WhiteElo "2678"]
[BlackElo "2494"]
[WhiteFideId "4113403"]
[BlackFideId "14100150"]
[EventDate "2012.10.25"]

1. c4 f5 2. Nc3 Nf6 3. d4 d6 4. Bg5 Nbd7 5. e3 h6 6. Bxf6 Nxf6 7. f4 g6 8. Nf3
Bg7 9. Bd3 O-O 10. Qe2 c6 11. O-O a6 12. a4 Kh7 13. Kh1 Bd7 14. Rae1 Qa5 15. Rb1
Rae8 16. b4 Qc7 17. a5 c5 18. bxc5 dxc5 19. Ne5 Qxa5 20. Qe1 cxd4 21. exd4 Bc8
22. Bc2 Ng4 23. Nf3 b5 24. h3 Nf6 25. Ne5 Nd7 26. cxb5 axb5 27. Nxb5 Qxe1 28.
Rfxe1 Nxe5 29. dxe5 Rd8 30. Red1 g5 31. g3 gxf4 32. gxf4 Bb7+ 33. Kh2 e6 34. Nd6
Bd5 35. Rb5 Bf3 36. Rd2 Rd7 37. Bb3 Re7 38. Ra2 h5 39. Kg3 Bh1 40. Ra1 Bc6 41.
Rb6 Ba8 42. Rba6 Bb7 43. Ra7 Rb8 44. Rxb7 Rbxb7 45. Nxb7 Rxb7 46. Bxe6 Kg6 47.
Ra6 1-0